Statistics for Where is it? - Level 7 - super hard

Click here to take the quiz!

General Stats

  • This quiz has been taken 30 times
  • The average score is 4 of 25

Answer Stats

HintAnswer% Correct
Edo (capital)now Tokyo
77%
NATO headquartersBrussels, Belgium
47%
Maarten "Martin" Van Buren, the US prezKinderhook Cemetery, NY
43%
SápmiFinland, Sweden, Norway & Russia
37%
Sigismund Schlomo Freud's Alma materUniversity of Vienna
33%
home of the Mapuche peopleAraucanía, Chile
27%
stapes (bone)ear
27%
Freetown ChristianiaCopenhagen, Denmark
23%
BBC AlbaGlasgow and Stornoway, Scotland
17%
Trivial Pursuit game was created inMontreal, Quebec
17%
capital of SchwarzwaldFreiburg im Breisgau
13%
X-Files originally filmed inVancouver, BC, Canada
13%
Neso moon orbits...Neptune
10%
Sovereign Military Order of Malta capitalPalazzo Malta, Rome, Italy
10%
Toompea (UNESCO)Tallinn, Estonia
10%
São Vicente, Santiago and MaioCabo Verde
7%
Wayne Gretzky's first professional teamIndianapolis (Racers), Indiana
7%
George Bush Presidential LibraryCollege Station, TX
3%
Port Hercules aka Port HerculeMonaco
3%
Einstein's brainNMHM, MD & Mütter Museum, PA
3%
Lalibela CrossEthiopia
0%
HithadhooMaldives
0%
Kyaiktiyo Pagoda aka "The Golden Rock"Myanmar
0%
pituitary glandthe brain
0%
George W. Bush Presidential CenterUniversity Park, TX
0%

Score Distribution

Percentile by Number Answered

Percent of People with Each Score

Your Score History

You have not taken this quiz